• 首页
  • 本馆介绍
  • 公告通知
  • 最新文献
  • 馆藏检索
  • 电子资源
  • 读者导购
  • 参考咨询
  • 我的图书馆
  • 登录
  • 详细信息显示
  • 放入我的书架
  • 预约/预借图书
  • 作者相关作品
  • 分类相关作品
  • 丛书相关作品
  • 出版社相关作品

书目信息

  • 表格格式
  • 工作单格式
  • 卡片格式
题名:
沧浪翁苏舜钦
    
 
作者: 许晓韧 著
分册:  
出版信息: 北京   国际文化出版公司  2014
页数: 292页
开本: 23cm
丛书名:
单 册:
中图分类: I253.5 , K825.6=441
科图分类:
主题词: 传记文学--Chuan Ji Wen Xue--中国--当代
电子资源:
ISBN: 978-7-5125-0697-8
000 00998nam0 22002651 450
001 0101082409
005 20161202094410.20
010    @a978-7-5125-0697-8@dCNY36.80
100    @a20140819d2014 em y0chiy50 ea
101 0  @achi
102    @aCN@b110000
105    @aa z 000zd
106    @ar
200 1  @a沧浪翁苏舜钦@ACang Lang Weng Su Shun Qin@f许晓韧著
210    @a北京@c国际文化出版公司@d2014
215    @a292页@c图@d23cm
300    @a皮波人物 人文馆
330    @a本书是北宋著名诗人苏舜钦的传记,在封禅泰山、宋夏战争、庆历新政等宏大历史背景下,以苏舜钦生命历程为主线,以范仲淹诸人救弊治政为辅线,详述了苏舜钦耿介率真、爱国爱家的天然秉性,独步诗国、惊艳书坛的旷世才华,引领时代、开创未来的文化影响。
600  0 @a苏舜钦@ASu Shun Qin@f(1008-1048)@x生平事迹
606 0  @a传记文学@AChuan Ji Wen Xue@y中国@z当代
690    @aI253.5@v5
690    @aK825.6=441@v5
701  0 @a许晓韧@AXu Xiao Ren@f(1969~)@4著
801  0 @aCN@bTANGWEI@c20161128
905    @b0950850-4@dI253.5@e920@f5
    
    沧浪翁苏舜钦/许晓韧著 .-北京:国际文化出版公司,2014
    292页:图;23cm
    皮波人物 人文馆
    
    ISBN 978-7-5125-0697-8:CNY36.80
    本书是北宋著名诗人苏舜钦的传记,在封禅泰山、宋夏战争、庆历新政等宏大历史背景下,以苏舜钦生命历程为主线,以范仲淹诸人救弊治政为辅线,详述了苏舜钦耿介率真、爱国爱家的天然秉性,独步诗国、惊艳书坛的旷世才华,引领时代、开创未来的文化影响。
●
相关链接 在E读中查询图书 在五车中查询图书 在当当中查询图书 在豆瓣中查询图书


正题名:沧浪翁苏舜钦     索取号:I253.5/920         预约/预借

序号 登录号 条形码 馆藏地/架位号 状态 备注
1 0950850   209508503   第一样本阅览室/ [索取号:I253.5/920] 在馆    
2 0950851   209508512   第二借阅区/ [索取号:I253.5/920] 在馆    
3 0950852   209508521   第二借阅区/ [索取号:I253.5/920] 在馆    
4 0950853   209508530   教育系资料室/ [索取号:I253.5/920] 在馆    
5 0950854   209508549   教育系资料室/ [索取号:I253.5/920] 在馆    
唐山师范学院图书馆 欢迎您!
大连网信软件有限公司© 版权所有